000 01611nam a2200469 i 4500
001 4299
003 KOSZ 005
005 20221007134212.0
008 970903s1990 pl a |000 0 pol
015 _aUWD 1990/7951
020 _a830109817
035 _a991002391399705066
035 _a(PL-WaBN)b10659286-48omnis_nlop
035 _ab10659286
035 _a(OCoLC)749266562
035 _azz2007848276
035 _a(PL)b0000001065928
035 _a(EXLNZ-48OMNIS_NETWORK)9910231254705606
040 _aWA N
_cWA N
_dKOSZ 005/HR
046 _k1990
080 _a621.56/.59
080 _a(075.8)
100 1 _aBrodowicz, Kazimierz
_d(1928-2010)
_eAutor
245 1 0 _aPompy ciepła /
_cKazimierz Brodowicz, Tomasz Dyakowski.
260 _aWarszawa :
_bPaństwowe Wydawnictwo Naukowe,
_c1990.
300 _a208 s. :
_brys., wykr. ;
_c24 cm.
336 _aTekst
_btxt
_2rdacontent
337 _aBez urządzenia pośredniczącego
_bn
_2rdamedia
338 _aWolumin
_bnc
_2rdacarrier
380 _aKsiążki
388 _a1901-2000
388 _a1989-2000
504 _aBibliogr. s. 198-206.
521 _aDla inżynierów i studentów zajmujących się gospodarką cieplną, a także dla osób zainteresowanych problematyką oszczędzania energii.
650 7 _aPompa ciepła
_2DBN
655 7 _aPodręczniki akademickie
_2DBN
658 _aInżynieria i technika
700 1 _aDyakowski, Tomasz
_eAutor
856 _uhttp://koha.tu.koszalin.pl/cgi-bin/koha/opac-detail.pl?biblionumber=4299
_yKatalog online BPK
942 _2UKD
_cKS
999 _c4299
_d4299